Ocenenia pre výtvarníkov

Podrobná bibliografia
Hlavný autor: Kornajová, Gabriela (Autor)
Médium: Článok
Jazyk:slovenčina
Fyzický popis:Fotogr.
ISSN:2453-7608
Predmet:
On-line prístup:http://www.kezmarok.sk/obcan/clanky/noviny_kezmarok_archiv-147.htm

MARC

LEADER 00000nab a2200000 ar4500
001 vtls011575686
003 SK-MaSNL
005 20260303231100.0
008 160826c2016 xo sr|p|||||||000 b|slo
038 |a PPPK 
040 |a PPPKCL  |b slo  |c PPPKCL  |e AACR2 
041 0 |a slo 
044 |a xo  |c SK 
080 |a 373.3:7  |2 2011 
100 1 |a Kornajová, Gabriela  |4 aut  |9 1265714 
245 1 0 |a Ocenenia pre výtvarníkov  |c Gabriela Kornajová, ZUŠ A. Cígera 
300 |b Fotogr. 
610 2 7 |a Základná umelecká škola Antona Cígera (Kežmarok, Slovensko)  |2 pppkcl  |9 546120 
650 0 7 |a umelecké školy  |2 pppkcl  |9 29319 
650 0 7 |a základné umelecké školy  |2 pppkcl  |9 29368 
650 0 7 |a školský rok 2015/2016  |2 pppkcl  |9 1088912 
651 7 |a Kežmarok (Slovensko)  |2 pppkcl  |9 26808 
773 0 |t Noviny Kežmarok : kultúrno-spoločenský mesačník mesta  |g Č. 7 (2016), s. 18  |x 2453-7608 
852 |a PPPK  |b KIS3GCP 
856 4 1 |u http://www.kezmarok.sk/obcan/clanky/noviny_kezmarok_archiv-147.htm 
999 |c 2265098  |d 2267028